Pos-modernismo e politica = Postmodernismo y política /
Salvato in:
| Autore principale: | |
|---|---|
| Natura: | Sconosciuto |
| Lingua: | Portuguese |
| Pubblicazione: |
Rio de Janeiro :
Rocco,
1991.
|
| Soggetti: | |
| Tags: |
Aggiungi Tag
Nessun Tag, puoi essere il primo ad aggiungerne!!
|
MARC
| LEADER | 000000000a22000000004500 | ||
|---|---|---|---|
| 001 | 013388 | ||
| 020 | |a 853250082X | ||
| 041 | 0 | |a por | |
| 082 | 0 | 4 | |a 801.95 |b B917p |
| 100 | 1 | |a Buarque de Hollanda, Heloisa | |
| 245 | 1 | 0 | |a Pos-modernismo e politica = |b Postmodernismo y política / |c Heloisa Buarque de Hollanda. |
| 246 | 3 | 1 | |a Postmodernismo y política |
| 260 | 1 | |a Rio de Janeiro : |b Rocco, |c 1991. | |
| 300 | |a 273 páginas | ||
| 650 | 4 | |a POSTMODERNISMO | |
| 650 | 4 | |a POLITICA | |
| 650 | 4 | |a LITERATURA | |
| 500 | |a Colección George Yúdice | ||
| 999 | |c 19313 |d 19313 | ||
| 942 | |c BK |h 801.95 B917p |2 z | ||



